000 00682nas a2200229 4500
001 BR7907540
003 BR-BrBNA
005 20231205084017.0
007 ta
008 230509b bl.|||p| |||| 00| 00por d
040 _aBR-BrBNA
_bpor
_cBiblioteca Nacional de Agricultura
041 _a(Pt)
072 _aN10
100 1 _aAnon.
245 1 _aMadeira compensada para construcao rural manual de aplicacao [Brasil]
650 _aCOMPENSADO
650 _aINSTALACAO AGRICOLA
650 _aENGENHARIA RURAL
773 0 _tDirigente Rural (Brazil)
_xISSN 0012-3374
_g(Jul 1979), v. 18(7-8) p. 49-80
_wBR7907540
909 _a202311
_bLúcia
_c55
_dLúcia Elande
942 _2AGRIS
_n0
_cANA
999 _c102577
_d102577